Countries that Border 2 Other Countries - Statistics

General Stats
  • This quiz has been taken 13 times
    5 since last reset
  • The average score is 23 of 28
Answer Stats
Answer % Correct
Belize
100%
Costa Rica
100%
El Salvador
100%
Moldova
100%
Mongolia
100%
Nicaragua
100%
Sweden
100%
United States
100%
Uruguay
100%
Yemen
100%
Andorra
80%
Bangladesh
80%
Canada
80%
Denmark
80%
Ecuador
80%
Estonia
80%
eSwatini
80%
Kuwait
80%
Liechtenstein
80%
Panama
80%
Tunisia
80%
Bhutan
60%
Equatorial Guinea
60%
Guinea-Bissau
60%
Lebanon
60%
Nepal
60%
United Arab Emirates
60%
Sierra Leone
40%
No matching quizzes found
Score Distribution
Percent of People with Each Score
Percentile by Number Answered
Your Score History
You have not taken this quiz since the last reset